| 000 | 01025cad a22002175a 4500 | ||
|---|---|---|---|
| 001 | L147412 | ||
| 008 | 090508s2009 xxk f 000 0 eng d | ||
| 035 | _a(Sirsi) u147412 | ||
| 041 | 0 | _aeng | |
| 100 | 1 | _aEllis, Graham | |
| 245 | 0 | 0 |
_aPractice note makes perfect _h[electronic resource] |
| 260 | _c2009 | ||
| 490 |
_aRICS Residential Property Journal _vMay-June 2009, 12-13(2) |
||
| 520 | _aHighlights the contents of the RICS Homebuyer Service 2009 Practice Note 3rd edition. Outlines the key differences between the RICS Homebuyer Survey and Valuation Service 2005 Practice Notes and the 2009 edition section by section. | ||
| 520 | _aArticle is member-only content and members must be registered with www.rics.org to access it | ||
| 590 | _aKA | ||
| 651 | 4 |
_aEngland and Wales _y1543- |
|
| 690 | _aPROPERTY-RESIDENTIAL PROPERTY-RESIDENTIAL PROPERTY APPRAISAL AND VALUATION | ||
| 856 | 4 | 0 |
_uhttps://www.rics.org/site/download_feed.aspx?fileID=5567 _zView this item (member-only access) at www.rics.org |
| 942 | _n0 | ||
| 999 |
_c81529 _d81529 |
||